00418nam a2200157Ia 4500008004100000020000700041082001200048100002900060245002700089250000700116260004300123300002900166500001900195600003300214650001300247240925s9999 xx 000 0 und d aNA a297 MUH aMuhammad, Farkhanda Noor 0aIslamiat: for students aNA aKarachi:bFerozesons (Pvt) Ltdc,1992. axvii,494p.bNAfOriginal aIncludes Index aHumanities & Natural Science aReligion